000
00258nam a2200109Ia 4500
005
20251222114412.0
008
251222s1900||||xx |||||||||||||| ||spa||
082
_a
DVD0070/D25/1994/Ej.2
245
0
_a
SueƱo de fuga
264
_b
Columbia Pictures
942
_c
DVD
999
_c
2093
_d
2093